Centre Stage : (Record no. 147975)

MARC details
000 -LEADER
fixed length control field 00711nam a22002057a 4500
005 - DATE AND TIME OF LATEST TRANSACTION
control field 20171213114705.0
010 ## - LCCN (DPL NO)
LC control number ENG-121864
020 ## - INTERNATIONAL STANDARD BOOK NUMBER
International Standard Book Number 9788188965953
Terms of availability 795.00
035 ## - SYSTEM CONTROL NUMBER
System control number EN-105396
037 ## - SOURCE OF ACQUISITION
Source of stock number/acquisition DBAD/PUB
082 ## - DEWEY DECIMAL CLASSIFICATION NUMBER
Classification number 305.40954
245 ## - TITLE STATEMENT
Title Centre Stage :
Remainder of title Gender,politics and performance in South Asia /
Statement of responsibility, etc edited by Sheema Kermani,Asif Farrukhi [and] Kamran Asdar ali
260 ## - PUBLICATION, DISTRIBUTION, ETC. (IMPRINT)
Place of publication, distribution, etc Pakistan
Name of publisher, distributor, etc Oxford university press
Date of publication, distribution, etc 2016
270 ## - ADDRESS
Address No.38,Sector 15,Korangi industrial area PO box 8214,Karachi
City Pakistan
Postal code 74900
300 ## - PHYSICAL DESCRIPTION
Extent xi,314p.
Dimensions 22cm(Hb)
700 ## - ADDED ENTRY--PERSONAL NAME
Personal name Kermani,Sheema
700 ## - ADDED ENTRY--PERSONAL NAME
Personal name Asif Farrukhi
700 ## - ADDED ENTRY--PERSONAL NAME
Personal name Kamran Asdar ali
942 ## - ADDED ENTRY ELEMENTS (KOHA)
Source of classification or shelving scheme Dewey Decimal Classification
Item type English Books
Classification part 305.40954
Call number suffix CEN
Holdings
Withdrawn status Lost status Not for loan Collection code Home library Current library Date acquired Source of acquisition Cost, normal purchase price Full call number Barcode Copy number Cost, replacement price Koha item type
    Not For Loan Non-fiction D.B.Act.Division Bawana 13/12/2017 DBAD/PUB 795.00 305.40954 CEN EN-105396 1 795.00 English Books

© Delhi Public Library
Hit Counter
free hit counter